| 000 | 00428nam a22001817a 4500 | ||
|---|---|---|---|
| 005 | 20230530122316.0 | ||
| 008 | 230524b |||||||| |||| 00| 0 eng d | ||
| 020 | _a0070571473 | ||
| 082 |
_a660.2 _bSHR-S |
||
| 100 | _aAustin:George | ||
| 245 | _aShreve's Chemical Process Industries | ||
| 250 | _a5th | ||
| 260 |
_aIndia _bMC Graw Hill _c1984 |
||
| 300 | _a859 | ||
| 650 | _aEngineering | ||
| 700 | _aAutisn | ||
| 999 |
_c18507 _d18507 |
||